00313nam a2200121Ia 4500008004100000041001200041082001100053100001700064245008300081260000600164650000600170700001500176221030s9999 xx 000 0 und d aEnglish a105.23 aH. C. Saxena 0aS. Chand`s Simplifed Course Differential Calculuscby H. C. Saxena, H. K. Dass c0 aB aH. K. Dass